00477nam a22001937a 450000500170000001000130001702000230003003500130005303700160006604000120008208200110009410000190010524500390012426000420016327000280020530000200023365000160025365000140026920170124110146.0 aA-491384 c00.00a07475085356 aA-491384 bCen Lib/Ret aDPLbEN aNbDIS aDische, Irene  aPious Secrets /cby Irence Dische  aLondon c1991bBloomsbury Publishing  bLondon a2 Soho square  a147p.c22cm(Hb) aLiterature  aFiction